Consequences of changing biodiversity (Registro nro. 11471)

Detalles MARC
000 -CABECERA
Campo de control 009420000a22002890004500
090 ## - CLASIFICACIÓN LOCAL
Colección AR
Consecutivo 02400
041 0# - IDIOMA
Código de idioma para texto/pista de sonido o título separado
100 1# - ASIENTO PRINCIPAL--NOMBRE PERSONAL
Nombre personal Chapin, F. Stuart
245 10 - MENCION DE TITULO
Título Consequences of changing biodiversity
650 14 - ASIENTO SECUNDARIO DE MATERIA - TERMINO TEMATICO
Término temático o nombre geográfico como elemento de entrada Disturbios antrópicos
650 14 - ASIENTO SECUNDARIO DE MATERIA - TERMINO TEMATICO
Término temático o nombre geográfico como elemento de entrada Cambio global
650 14 - ASIENTO SECUNDARIO DE MATERIA - TERMINO TEMATICO
Término temático o nombre geográfico como elemento de entrada Servicios ambientales
650 14 - ASIENTO SECUNDARIO DE MATERIA - TERMINO TEMATICO
Término temático o nombre geográfico como elemento de entrada Degradación ambiental
700 1# - ASIENTO SECUNDARIO - NOMBRE PERSONAL
Nombre personal Zavaleta, Erika S.
700 1# - ASIENTO SECUNDARIO - NOMBRE PERSONAL
Nombre personal Eviner, Valerie T.
700 1# - ASIENTO SECUNDARIO - NOMBRE PERSONAL
Nombre personal Naylor, Rosamond L.
700 1# - ASIENTO SECUNDARIO - NOMBRE PERSONAL
Nombre personal Vitousek, Peter M.
700 1# - ASIENTO SECUNDARIO - NOMBRE PERSONAL
Nombre personal Reynolds, Heather L.
700 1# - ASIENTO SECUNDARIO - NOMBRE PERSONAL
Nombre personal Hooper, David U.
700 1# - ASIENTO SECUNDARIO - NOMBRE PERSONAL
Nombre personal Lavore, Sandra
700 1# - ASIENTO SECUNDARIO - NOMBRE PERSONAL
Nombre personal Sala, Osvaldo E.
700 1# - ASIENTO SECUNDARIO - NOMBRE PERSONAL
Nombre personal Hobbie, Sarah E.
700 1# - ASIENTO SECUNDARIO - NOMBRE PERSONAL
Nombre personal Mack, Michalle C.
700 1# - ASIENTO SECUNDARIO - NOMBRE PERSONAL
Nombre personal Díaz, Sandra
773 1# - Item fuente:
Título Nature: International Weekly Journal of Science
Especificación de materiales 172
Descripción física 6783
Paginas del Articulo 234-242
Lugar, editorial y fecha de publicación 2000
Información sobre la relación 405
942 ## - ELEMENTOS ADICIONALES (KOHA)
Tipo de ítem Artículo
Existencias
Withdrawn status Lost status Damaged status No para préstamo Colección Ubicación Permanente Ubicación actual Fecha de adquisición Fuente de Valor Datos de publicación Seriada Total Checkouts Número topográfico Inventario / Código de Barras Date last seen Ejemplar Price effective from Forma de adquisición Tipo de material
      No para Préstamo Hemeroteca Bogotá Bogotá 27/02/2015 INCIVA Fuera de circulación   AR 02400 012810 25/03/2015 1 25/03/2015   Artículo